000 01233nam a22003497a 4500
003 CHAP
005 20220329141314.0
008 971010s1957 r 00010 d
010 _a66122
011 _a67094
035 _a76333
040 _cCHAP
082 _a630.5
_bY4 1957
110 _aYearbook of Agriculture.
_d1957
_9123047
245 _aSoil
260 _aWashington :
_bGoverment Printing Office,
_c1957
300 _a784 p.
_b: ilus.
590 _aBATCH-UPD
_b10
_c20130110
_lUCH01
_h1515
590 _aBATCH-UPD
_b10
_c20130409
_lUCH01
_h2125
590 _aBATCH-UPD
_b10
_c20130914
_lUCH01
_h2035
590 _aCONVERSION
_b10
_c20130109
_lUCH01
_h1336
650 1 4 _aSuelos.
_9110191
650 1 4 _aSuelos
_xConservación
_xE.U.A.
_9110296
710 0 _aE.U.A. Department of Agriculture.
_934876
901 _aBK
942 _cLIBRO
949 _a630.5 Y4 1957
_bBC
_cBPA
_d33724000565180
_eBPA
_fc.2
_h19505
_i76333
_si
949 _a630.5 Y4 1957
_bBC
_cBPA
_d33724000565198
_eBPA
_fc.5
_h39693
_i76333
_si
949 _a630.5 Y4 1957
_bBC
_cBPA
_d33724000565206
_eBPA
_fc.3
_h19506
_i76333
_si
949 _a630.5 Y4 1957
_bBC
_cBPA
_d33724000565222
_eBPA
_fc.4
_h16328
_i76333
_si
949 _a630.5 Y4 1957
_bZA
_cCBD
_d-9361
_eC
_h5870
_i76333
_si
999 _c66122
_d66122